[Event "RUS-Cup8"]
[Site "Smolensk"]
[Date "1997.??.??"]
[Round "6"]
[White "Ibragimov, Ildar"]
[Black "Voitsekhovsky, Stanislav"]
[Result "1/2-1/2"]
[WhiteElo "2555"]
[BlackElo "2475"]
[PlyCount "70"]
[EventDate "1997.06.13"]
[Source "ChessBase"]
[SourceDate "1997.07.29"]

1. d4 Nf6 2. c4 e6 3. Nc3 Bb4 4. e3 Nc6 5. Nf3 O-O 6. Bd3 d5 7. O-O a6 8. h3 dxc4 9. Bxc4 Bd6 10. a3 e5 11. Qc2 b5 12. Ba2 Bb7 13. Rd1 Qe8 14. b4 exd4 15. exd4 Ne7 16. d5 c6 17. Bg5 Nfxd5 18. Ne4 Bb8 19. Re1 f6 20. Be3 Qf7 21. Bc5 Re8 22. Nd4 Kh8 23. Bd6 Qg6 24. Bxb8 Rexb8 25. Qd2 Nf5 26. Nxf5 Qxf5 27. Nc5 a5 28. Rad1 axb4 29. axb4 Nxb4 30. Nxb7 Nxa2 31. Nd6 Qc5 32. Re7 Nc3 33. Qd3 Nd5 34. Nf7+ Kg8 35. Nh6+ Kh8 1/2-1/2

[Event "Salona"]
[Site "Solin/Split"]
[Date "2000.12.17"]
[Round "9"]
[White "Kurajica, Bojan"]
[Black "Kovacevic, Vlatko"]
[Result "1/2-1/2"]
[WhiteElo "2534"]
[BlackElo "2492"]
[PlyCount "36"]
[EventDate "2000.12.09"]
[Source "ChessBase"]
[SourceDate "2001.03.20"]

1. c4 e6 2. d4 d5 3. Nc3 Bb4 4. e3 Nf6 5. Nf3 O-O 6. Bd3 Nc6 7. O-O a6 8. a3 dxc4 9. Bxc4 Bd6 10. h3 e5 11. Qc2 h6 12. Rd1 Bd7 13. dxe5 Nxe5 14. Nxe5 Bxe5 15. Nd5 Nxd5 16. Bxd5 c6 17. Bb3 Qc8 18. e4 Bxh3 1/2-1/2

[Event "Brussels zt"]
[Site "Brussels"]
[Date "1993.??.??"]
[Round "10"]
[White "Van der Sterren, Paul"]
[Black "Sosonko, Gennadi"]
[Result "1-0"]
[WhiteElo "2490"]
[BlackElo "2535"]
[PlyCount "59"]
[EventDate "1993.04.??"]
[Source "ChessBase"]

1. d4 d5 2. c4 e6 3. Nc3 Bb4 4. e3 Nf6 5. a3 Be7 6. Nf3 O-O 7. Bd3 c5 8. cxd5 exd5 9. dxc5 Bxc5 10. O-O Nc6 11. b4 Bb6 12. Bb2 Re8 13. h3 Be6 14. Na4 Bc7 15. Nc5 Bc8 16. Rc1 Ne4 17. Bb1 Ng5 18. Nxg5 Qxg5 19. f4 Qh4 20. Rf3 Bb6 21. Qxd5 Be6 22. Qd3 Bxc5 23. Rxc5 Rad8 24. Qc3 f6 25. Kh2 Kf8 26. b5 Ne7 27. e4 Bf7 28. a4 Kg8 29. Rc7 Nc8 30. Rxf7 1-0

[Event "Las Palmas op"]
[Site "Las Palmas"]
[Date "1996.??.??"]
[Round "3"]
[White "Vaisser, Anatoli"]
[Black "Maric, Alisa"]
[Result "1/2-1/2"]
[WhiteElo "2565"]
[BlackElo "2460"]
[PlyCount "41"]
[EventDate "1996.11.??"]
[Source "www.chesslib.no"]
[SourceDate "2004.05.04"]

1. d4 Nf6 2. c4 e6 3. Nc3 Bb4 4. e3 O-O 5. Nf3 d5 6. Be2 c5 7. O-O Nc6 8. a3 Bxc3 9. bxc3 Qc7 10. cxd5 exd5 11. dxc5 Rd8 12. c4 dxc4 13. Qc2 Na5 14. Bxc4 Nxc4 15. Qxc4 Rd5 16. Bb2 Rxc5 17. Qd4 Be6 18. Rac1 Bc4 19. Rfd1 Rd5 20. Qh4 Rxd1+ 21. Rxd1 1/2-1/2

[Event "Lazne Bohdanec"]
[Site "Lazne Bohdanec"]
[Date "1996.??.??"]
[Round "3"]
[White "Babula, Vlastimil"]
[Black "Kogan, Artur"]
[Result "1-0"]
[WhiteElo "2540"]
[BlackElo "2485"]
[PlyCount "79"]
[EventDate "1996.01.??"]
[Source "ChessBase"]

1. d4 Nf6 2. c4 e6 3. Nc3 Bb4 4. e3 O-O 5. Bd3 d5 6. Nf3 Nc6 7. O-O a6 8. h3 dxc4 9. Bxc4 b5 10. Bd3 Bb7 11. Ne4 Nxe4 12. Bxe4 f5 13. Bd3 Qf6 14. a4 bxa4 15. Qxa4 a5 16. Bd2 Nxd4 17. Nxd4 Bxd2 18. Nc6 Kh8 19. Bb5 f4 20. exf4 Bxf4 21. Qc2 Qg5 22. Bd3 Bd6 23. Be4 h5 24. Qe2 Rf4 25. Rac1 Raf8 26. Rc3 h4 27. Rb3 Ba8 28. Rc3 R4f6 29. Qg4 Qxg4 30. hxg4 Rf4 31. f3 Bb4 32. Rc4 Bd2 33. Rd1 Be3+ 34. Kh2 Bb6 35. Rd7 Bb7 36. Kh3 Bc8 37. Rd2 Ba6 38. Rc3 R4f6 39. Ne5 a4 40. Ra3 1-0

[Event "Istanbul ol (Men)"]
[Site "Istanbul"]
[Date "2000.10.31"]
[Round "4"]
[White "Mikhalchishin, Adrian"]
[Black "Dervishi, Erald"]
[Result "1/2-1/2"]
[WhiteElo "2544"]
[BlackElo "2478"]
[PlyCount "43"]
[EventDate "2000.10.??"]
[Source "www.chesslib.no"]
[SourceDate "2004.05.04"]

1. Nf3 d5 2. d4 Nf6 3. c4 e6 4. Nc3 Be7 5. e3 O-O 6. a3 b6 7. Bd3 Bb7 8. O-O Nbd7 9. Qe2 Ne4 10. Rd1 a6 11. Bd2 Bd6 12. Be1 Qe7 13. b4 Nxc3 14. Bxc3 dxc4 15. Bxc4 Nf6 16. Ne5 Rfd8 17. Bb2 h6 18. Bd3 a5 19. b5 Bxe5 20. dxe5 Ne4 21. Bc2 Rxd1+ 22. Rxd1 1/2-1/2

[Event "Tch-SWE 2002-3"]
[Site "Sweden"]
[Date "2002.11.16"]
[Round "4"]
[White "Hellsten, Johan"]
[Black "Gausel, Einar"]
[Result "1/2-1/2"]
[WhiteElo "2488"]
[BlackElo "2533"]
[PlyCount "111"]
[EventDate "2003.01.01"]
[Source "Roberto Alvarez"]
[SourceDate "2003.03.17"]

1. d4 Nf6 2. c4 e6 3. Nc3 Bb4 4. e3 d5 5. a3 Be7 6. Nf3 O-O 7. Bd3 dxc4 8. Bxc4 c5 9. O-O cxd4 10. exd4 Nbd7 11. Re1 Nb6 12. Ba2 Bd7 13. Ne5 Bc6 14. Re3 Nbd5 15. Rh3 Nxc3 16. bxc3 Be4 17. Bb1 Bxb1 18. Rxb1 Qd5 19. Bg5 b6 20. Qd3 g6 21. Rf3 Kg7 22. Rb5 Qb7 23. Bxf6+ Bxf6 24. Ng4 Be7 25. Qe3 f5 26. Qe5+ Bf6 27. Nxf6 Rxf6 28. Qe1 Qc6 29. Re5 Rd8 30. Rfe3 Rd6 31. f4 h6 32. h3 g5 33. fxg5 hxg5 34. Rg3 Rg6 35. Qd2 Kf6 36. Qe2 f4 37. Rf3 Kg7 38. h4 gxh4 39. Rh5 Rd5 40. Rxh4 e5 41. dxe5 Qc5+ 42. Kh1 Rxe5 43. Qd2 Rd5 44. Qxf4 Rd1+ 45. Rf1 Rxf1+ 46. Qxf1 Qxc3 47. Rh3 Qb2 48. Rd3 Qb5 49. Qa1+ Kh7 50. Rh3+ Rh6 51. Rxh6+ Kxh6 52. Qf6+ Kh7 53. Qf7+ Kh6 54. Qxa7 Qf1+ 55. Kh2 Qf4+ 56. Kg1 1/2-1/2

[Event "Minsk op"]
[Site "Minsk"]
[Date "1997.??.??"]
[Round "2"]
[White "Malakhatko, Vadim"]
[Black "Aleksandrov, Aleksej"]
[Result "0-1"]
[WhiteElo "2405"]
[BlackElo "2615"]
[PlyCount "125"]
[EventDate "1997.??.??"]
[Source "www.chesslib.no"]
[SourceDate "2004.05.04"]

1. Nf3 e6 2. c4 d5 3. d4 Nf6 4. Nc3 Bb4 5. e3 O-O 6. a3 Bxc3+ 7. bxc3 c5 8. cxd5 exd5 9. Be2 Ne4 10. Bd2 Bg4 11. h3 Bh5 12. O-O Nd7 13. Be1 Qe7 14. dxc5 Ndf6 15. Qd4 Rac8 16. c4 Rfd8 17. Bb4 Qc7 18. Rfc1 a5 19. Be1 Nxc5 20. cxd5 Nxd5 21. Qh4 Bg6 22. Nd4 a4 23. Bb4 b6 24. Bb5 Qd6 25. Bxc5 bxc5 26. Ne2 Nb6 27. Nc3 c4 28. Bxa4 Qe5 29. Bb5 Rd3 30. Qf4 Qc5 31. a4 h5 32. Ne4 Qe7 33. Nc3 Qb4 34. Ne2 Kh7 35. Qf3 Rd2 36. Nf4 c3 37. Nxg6 fxg6 38. Qb7 c2 39. Qxb6 Qb2 40. Qe6 Rcd8 41. Kh2 Rd1 42. Rxc2 Qxa1 43. Rc6 Qb1 44. e4 Kh8 45. Qxg6 Rh1+ 46. Kg3 Qd1 47. Rc5 Qd6+ 48. Qxd6 Rxd6 49. Rxh5+ Kg8 50. Bc4+ Kf8 51. Rf5+ Ke8 52. a5 Rc1 53. Bb5+ Ke7 54. a6 Rg6+ 55. Kh2 Re6 56. Rd5 Rd6 57. Rxd6 Kxd6 58. f4 Kc5 59. Be2 Re1 60. Bg4 Rxe4 61. Bf3 Ra4 62. Bb7 Ra3 63. h4 0-1

[Event "7. Int. Neckar-Open (A)"]
[Site "MS Sicherheitstechnik"]
[Date "2003.04.19"]
[Round "4"]
[White "Milov, Vadim"]
[Black "Biolek, Richard"]
[Result "1/2-1/2"]
[WhiteElo "2592"]
[BlackElo "2426"]
[PlyCount "116"]
[EventDate "2003.04.18"]
[Source "Roberto Alvarez"]
[SourceDate "2003.04.21"]

1. d4 Nf6 2. c4 e6 3. Nc3 Bb4 4. Nf3 d5 5. e3 c5 6. a3 Bxc3+ 7. bxc3 O-O 8. Bb2 Nc6 9. cxd5 exd5 10. c4 cxd4 11. Nxd4 Ne4 12. Nxc6 bxc6 13. Qd4 Qa5+ 14. Ke2 Nf6 15. Bc3 Qd8 16. f3 Ba6 17. Kf2 c5 18. Qf4 dxc4 19. e4 Qe7 20. Be2 Rfd8 21. Rhd1 Ne8 22. Rac1 Nc7 23. Rxd8+ Rxd8 24. Ba5 Rc8 25. Bxc4 Bxc4 26. Rxc4 Ne6 27. Qe5 Qb7 28. Bd2 Rd8 29. Be3 Qb1 30. Kg3 h5 31. Rc1 Qa2 32. Qc3 Qe2 33. Re1 Qd3 34. Qc1 c4 35. Kf2 c3 36. Re2 Rc8 37. Bxa7 c2 38. Be3 Qd1 39. Re1 Rd8 40. a4 Nc5 41. Bxc5 Rd2+ 42. Kg3 Qxe1+ 43. Qxe1 Rd1 44. Qc3 c1=Q 45. Qxc1 Rxc1 46. Bb6 f6 47. a5 Ra1 48. h4 Kf7 49. Kf4 Ra2 50. g3 Ke6 51. g4 g5+ 52. Kg3 gxh4+ 53. Kxh4 hxg4 54. Kxg4 Ra4 55. Kg3 f5 56. Kf4 fxe4 57. fxe4 Kd7 58. Kf5 Rxe4 1/2-1/2

[Event "Lisbon Summer op"]
[Site "Lisbon"]
[Date "2000.08.24"]
[Round "4"]
[White "Akesson, Ralf"]
[Black "Mitkov, Nikola"]
[Result "0-1"]
[WhiteElo "2486"]
[BlackElo "2532"]
[PlyCount "78"]
[EventDate "2000.08.21"]
[Source "www.chesslib.no"]
[SourceDate "2004.05.04"]

1. d4 Nf6 2. c4 e6 3. Nc3 Bb4 4. e3 O-O 5. Bd3 d5 6. Nf3 Nc6 7. O-O a6 8. h3 h6 9. Re1 dxc4 10. Bxc4 Bd6 11. e4 e5 12. Be3 b5 13. Bb3 Bb7 14. dxe5 Nxe5 15. Bd4 Nfd7 16. Nxe5 Bxe5 17. a4 c6 18. axb5 axb5 19. Rxa8 Bxa8 20. Bxe5 Nxe5 21. Qe2 Qg5 22. Rd1 Bb7 23. Kh2 Bc8 24. g3 Qe7 25. f4 Qb4 26. Ba2 Nf3+ 27. Kg2 Nd4 28. Qf2 c5 29. Nd5 Qa4 30. b3 Nxb3 31. Qc2 c4 32. Nc3 Qb4 33. Rb1 Bb7 34. Bxb3 cxb3 35. Rxb3 Qc4 36. Rxb5 Ba6 37. Rb1 Rd8 38. Rc1 Rd3 39. Kh2 Qd4 0-1

[Event "Tirnavia-A"]
[Site "Trnava SVK"]
[Date "1980.??.??"]
[Round "10"]
[White "Knaak, Rainer F A"]
[Black "Plachetka, Jan"]
[Result "1-0"]
[WhiteElo "2535"]
[BlackElo "2480"]
[PlyCount "144"]
[EventDate "1980.03.??"]
[Source "www.chesslib.no"]
[SourceDate "2004.05.04"]

1. d4 Nf6 2. c4 e6 3. Nc3 Bb4 4. e3 d5 5. Bd3 O-O 6. Nf3 Nc6 7. O-O a6 8. Qe2 h6 9. cxd5 exd5 10. Ne5 Ne7 11. g4 c5 12. f4 cxd4 13. exd4 Ne4 14. Nxe4 dxe4 15. Qxe4 f5 16. Qe3 b5 17. gxf5 Bxf5 18. Bxf5 Rxf5 19. Qb3+ Nd5 20. Be3 Rc8 21. Rac1 Rxc1 22. Rxc1 Kh7 23. Qd3 Qf8 24. a3 Bd6 25. Bd2 Ne7 26. Qe4 Qf6 27. Kh1 Qe6 28. Qg2 Rf6 29. Rg1 Qd5 30. h3 Qxg2+ 31. Kxg2 Nf5 32. Bc3 Ne3+ 33. Kf3 Nd5 34. Bd2 g5 35. Rg4 Rf8 36. h4 gxf4 37. h5 Rf5 38. Ke4 Ne7 39. Rh4 Bxe5 40. dxe5 f3 41. Rh1 f2 42. Rf1 Rxh5 43. Rxf2 Rh4+ 44. Kd3 Ng6 45. Re2 Kg7 46. Kc2 Rc4+ 47. Kb3 Nf4 48. Rf2 Ne6 49. Rf6 Nc5+ 50. Ka2 h5 51. Bh6+ Kg8 52. Be3 h4 53. e6 Ne4 54. Rf1 Rc7 55. Rf4 Nd6 56. Rxh4 Re7 57. Rh6 Nf5 58. Bc5 Rc7 59. e7 Rxe7 60. Rxa6 Re5 61. Bb4 Kf7 62. Bc3 Rd5 63. Kb3 Ke7 64. Kb4 Kd7 65. Rg6 Nd6 66. Ka5 Nc4+ 67. Ka6 Nd6 68. Bb4 Nc4 69. Rg2 Kc6 70. b3 Ne5 71. Rc2+ Kd7 72. Kb6 Nf3 1-0

[Event "Manila ol (Men)"]
[Site "Manila PHI"]
[Date "1992.??.??"]
[Round "?"]
[White "Mikhalchishin, Adrian B"]
[Black "Janjgava, Lasha"]
[Result "1/2-1/2"]
[WhiteElo "2530"]
[BlackElo "2485"]
[PlyCount "40"]
[EventDate "1992.06.??"]
[Source "www.chesslib.no"]
[SourceDate "2004.05.04"]

1. Nf3 Nf6 2. c4 e6 3. d4 d5 4. e3 Be7 5. Nc3 O-O 6. a3 b6 7. Be2 Bb7 8. O-O Nbd7 9. cxd5 Nxd5 10. Nxd5 Bxd5 11. Bd2 c5 12. Rc1 Bb7 13. b4 cxb4 14. Bxb4 Bxb4 15. axb4 a5 16. Bb5 Nf6 17. bxa5 bxa5 18. Bc6 Bxc6 19. Rxc6 a4 20. Qc2 Qd5 1/2-1/2

[Event "Kiev"]
[Site "Kiev UKR"]
[Date "1978.??.??"]
[Round "2"]
[White "Farago, Ivan"]
[Black "Knezevic, Milorad"]
[Result "1-0"]
[WhiteElo "2510"]
[BlackElo "2505"]
[PlyCount "113"]
[EventDate "1978.??.??"]
[Source "www.chesslib.no"]
[SourceDate "2004.05.04"]

1. d4 Nf6 2. c4 e6 3. Nc3 Bb4 4. e3 O-O 5. Bd3 d5 6. Nf3 Nc6 7. O-O a6 8. h3 h6 9. a3 dxc4 10. Bxc4 Bd6 11. e4 e5 12. Be3 b5 13. Ba2 Bb7 14. d5 Ne7 15. Nd2 Ng6 16. Nb3 Bc8 17. Na5 Nh7 18. Qh5 Qf6 19. g3 Ng5 20. h4 Nf3+ 21. Kg2 Ne7 22. Nc6 Re8 23. Rh1 Nd4 24. Bg5 hxg5 25. hxg5 Qf3+ 26. Qxf3 Nxf3 27. Kxf3 Ng6 28. Nd1 Nf8 29. Ke3 Bc5+ 30. Ke2 Bd6 31. Ke3 Bc5+ 32. Kd3 Bd6 33. Rh4 Bd7 34. Ne3 Ng6 35. Rh5 Rf8 36. Rah1 f6 37. Nf5 fxg5 38. Rxg5 Rf6 39. Rxg6 Rxg6 40. Nce7+ Kf7 41. Nxg6 Kxg6 42. Nxd6 cxd6 43. f4 Kf6 44. f5 a5 45. g4 Rg8 46. Ke3 g6 47. Kf3 Kg7 48. Bb1 Rf8 49. Bd3 Rc8 50. g5 Be8 51. Ke3 Bd7 52. Kd2 Be8 53. f6+ Kg8 54. Be2 Rc7 55. Bg4 Bf7 56. Be6 Rc4 57. Rh6 1-0

[Event "Santiago zt"]
[Site "Santiago"]
[Date "1995.??.??"]
[Round "1"]
[White "Morovic Fernandez, Ivan"]
[Black "Quiroga, Facundo"]
[Result "1-0"]
[WhiteElo "2575"]
[BlackElo "2440"]
[PlyCount "65"]
[EventDate "1995.??.??"]
[Source "ChessBase"]

1. d4 Nf6 2. c4 e6 3. Nc3 Bb4 4. e3 d5 5. a3 Be7 6. Nf3 O-O 7. b4 a5 8. b5 c5 9. bxc6 Nxc6 10. Bb2 b6 11. cxd5 exd5 12. Rc1 Bb7 13. Bd3 g6 14. O-O Bd6 15. Qb3 Rb8 16. Rc2 Ne4 17. Rfc1 Nxc3 18. Rxc3 Na7 19. a4 Rc8 20. Rxc8 Bxc8 21. Ne5 Be6 22. Be2 Bxe5 23. dxe5 d4 24. Qd3 dxe3 25. Qxe3 Qb8 26. f4 Rc8 27. Rd1 Rd8 28. Rf1 Qc7 29. Rc1 Qb7 30. Bf3 Bd5 31. e6 Bxf3 32. e7 Re8 33. Qe5 1-0

[Event "Asian Teams"]
[Site "Jodhpur"]
[Date "2003.04.13"]
[Round "7"]
[White "Nguyen Anh Dung"]
[Black "Kostenko, Petr"]
[Result "1/2-1/2"]
[WhiteElo "2530"]
[BlackElo "2481"]
[PlyCount "45"]
[EventDate "2003.04.07"]
[Source "Roberto Alvarez"]
[SourceDate "2003.04.14"]

1. d4 Nf6 2. Nf3 e6 3. c4 d5 4. Nc3 Bb4 5. e3 O-O 6. Bd3 Nc6 7. O-O a6 8. Qe2 dxc4 9. Bxc4 Bd6 10. Rd1 Qe8 11. e4 e5 12. Bg5 Ng4 13. h3 exd4 14. Nd5 Nge5 15. Nxe5 Nxe5 16. Rxd4 Nxc4 17. Qxc4 b5 18. Qc3 c5 19. Rd3 c4 20. Re3 Be5 21. Ne7+ Qxe7 22. Bxe7 Bxc3 23. bxc3 1/2-1/2

[Event "European Club Cup 2002"]
[Site "?"]
[Date "2002.09.26"]
[Round "5.56"]
[White "Georgiev Vladimir"]
[Black "Shneider Aleksandr"]
[Result "1/2-1/2"]
[WhiteElo "2502"]
[BlackElo "2506"]
[PlyCount "30"]
[EventDate "2002.??.??"]
[Source "www.chesslib.no"]
[SourceDate "2004.05.04"]

1. d4 Nf6 2. c4 e6 3. Nc3 Bb4 4. e3 O-O 5. Nf3 d5 6. Be2 c5 7. O-O Nc6 8. cxd5 exd5 9. dxc5 Bxc5 10. b3 a6 11. Bb2 Ba7 12. Rc1 Qd6 13. Qd3 Rd8 14. Rfd1 Qe7 15. Nd4 Nxd4 1/2-1/2

[Event "Ikaria Open"]
[Site "Ikaria"]
[Date "1994.??.??"]
[Round "4"]
[White "Atalik, Suat"]
[Black "Inkiov, Ventzislav V"]
[Result "0-1"]
[WhiteElo "2530"]
[BlackElo "2475"]
[PlyCount "112"]
[EventDate "1994.??.??"]
[Source "www.chesslib.no"]
[SourceDate "2004.05.04"]

1. d4 Nf6 2. c4 e6 3. Nf3 d5 4. Nc3 Bb4 5. e3 c5 6. a3 Bxc3+ 7. bxc3 O-O 8. Bb2 Nc6 9. Rc1 dxc4 10. Bxc4 Qc7 11. O-O e5 12. h3 e4 13. Nh2 Qe7 14. Qe2 b6 15. Rfd1 Bb7 16. Ba2 Rad8 17. Rd2 Rfe8 18. Nf1 g6 19. Rcd1 cxd4 20. cxd4 Nd5 21. Rc1 Na5 22. Rdc2 Qd7 23. Nd2 Bc6 24. Bc4 Bb5 25. Qg4 f5 26. Qg3 Nxc4 27. Nxc4 Bxc4 28. Rxc4 Re6 29. a4 Rde8 30. Ba3 f4 31. Qg5 f3 32. gxf3 exf3 33. Qf4 Qf7 34. Rc8 Kg7 35. Rxe8 Rxe8 36. Bd6 h5 37. Qg5 Qf5 38. h4 Re4 39. Qxf5 gxf5 40. a5 Rxh4 41. a6 Rg4+ 42. Kh1 Kf7 43. Rc8 Rg8 44. Rxg8 Kxg8 45. Bb8 b5 46. Bxa7 Nb4 47. Kh2 Nxa6 48. Kg3 b4 49. d5 b3 50. Bd4 Nb4 51. Kxf3 Nxd5 52. e4 Ne7 53. Kf4 fxe4 54. Kxe4 h4 55. Be5 h3 56. Kd3 Kf7 0-1

[Event "Bor"]
[Site "Bor"]
[Date "1986.??.??"]
[Round "6"]
[White "Rogers, Ian"]
[Black "Ivanovic, Bozidar"]
[Result "1/2-1/2"]
[WhiteElo "2515"]
[BlackElo "2485"]
[PlyCount "62"]
[EventDate "1986.10.??"]
[Source "www.chesslib.no"]
[SourceDate "2004.05.04"]

1. d4 Nf6 2. c4 e6 3. Nf3 Bb4+ 4. Nc3 d5 5. e3 O-O 6. Bd3 Nc6 7. a3 Bxc3+ 8. bxc3 Na5 9. Ne5 Nd7 10. Nxd7 Bxd7 11. cxd5 exd5 12. O-O Qh4 13. Qf3 Be6 14. Rb1 Rad8 15. Qg3 Qxg3 16. hxg3 Rfe8 17. f3 b6 18. g4 f6 19. Rb2 Bf7 20. Re2 Bg6 21. e4 dxe4 22. fxe4 c5 23. Bb5 Rxe4 24. Rxe4 Bxe4 25. dxc5 bxc5 26. g5 fxg5 27. Bxg5 Rd5 28. Be7 h5 29. Rf8+ Kh7 30. Rf4 Bc2 31. Kh2 Bd3 1/2-1/2

[Event "Match \"]
[Site "Leningrad RUS"]
[Date "1985.??.??"]
[Round "?"]
[White "Taimanov, Mark E"]
[Black "Averbakh, Yuri L"]
[Result "1/2-1/2"]
[WhiteElo "2510"]
[BlackElo "2490"]
[PlyCount "48"]
[EventDate "1985.??.??"]
[Source "www.chesslib.no"]
[SourceDate "2004.05.04"]

1. d4 Nf6 2. c4 e6 3. Nc3 Bb4 4. e3 d5 5. a3 Be7 6. Nf3 O-O 7. b4 b6 8. Be2 dxc4 9. Bxc4 Bb7 10. O-O Nbd7 11. Rb1 Ne4 12. Nxe4 Bxe4 13. Bd3 Bxd3 14. Qxd3 c5 15. dxc5 bxc5 16. Rd1 Nb6 17. Qc2 Qc8 18. b5 a6 19. Ne5 axb5 20. Rxb5 Qa6 21. Qb3 c4 22. Nxc4 Nxc4 23. Qxc4 Bxa3 24. Bxa3 Qxa3 1/2-1/2

[Event "Szirak"]
[Site "Szirak"]
[Date "1985.??.??"]
[Round "2"]
[White "Vaisser, Anatoli"]
[Black "Djuric, Stefan"]
[Result "1/2-1/2"]
[WhiteElo "2515"]
[BlackElo "2485"]
[PlyCount "160"]
[EventDate "1985.10.??"]
[Source "ChessBase"]

1. d4 Nf6 2. c4 e6 3. Nc3 Bb4 4. e3 d5 5. a3 Be7 6. Nf3 O-O 7. Qc2 b6 8. cxd5 exd5 9. b4 c5 10. bxc5 bxc5 11. dxc5 Qa5 12. Bb2 Na6 13. Be2 Nxc5 14. O-O Be6 15. Nb5 Rfc8 16. Bc3 Qd8 17. Bxf6 Bxf6 18. Nbd4 Ne4 19. Qa2 Qa5 20. h3 Rab8 21. Bd3 Qc3 22. Qc2 Nxf2 23. Bxh7+ Kh8 24. Qxf2 Kxh7 25. Rfc1 Qd3 26. Rd1 Qg6 27. Kh2 Rc3 28. a4 Qe4 29. Re1 Bd7 30. Ra2 Re8 31. Nb5 Rxe3 32. Qxe3 Qxe3 33. Rxe3 Rxe3 34. Nxa7 Rb3 35. Rd2 Be6 36. Nc6 Rb6 37. Nce5 Rb4 38. a5 Ra4 39. Nc6 Bd7 40. Nce5 Be6 41. Nc6 Bc3 42. Rd3 Bxa5 43. Nxa5 Rxa5 44. g4 Bc8 45. Ne5 f6 46. Nc6 Rc5 47. Ne7 Be6 48. Re3 Bf7 49. Nf5 Bg6 50. Re7 Bxf5 51. gxf5 Rc1 52. Rd7 Rd1 53. Kg3 d4 54. Kg4 Kg8 55. h4 d3 56. Kh5 d2 57. Rd8+ Kh7 58. Rd7 Rf1 59. Rxd2 Rxf5+ 60. Kg4 Kg6 61. Rd8 Re5 62. Ra8 Re4+ 63. Kg3 Rd4 64. Ra5 Kh6 65. Ra6 Rc4 66. Ra8 Kh7 67. Ra6 Rd4 68. Rb6 Rc4 69. Ra6 Kh6 70. Rb6 Rc8 71. Kg4 Rf8 72. Ra6 Re8 73. Rb6 Re4+ 74. Kg3 Rc4 75. Ra6 Rb4 76. Rc6 Rb8 77. Ra6 Rf8 78. Kg4 g6 79. Kf3 f5 80. Ra3 Rf7 1/2-1/2

[Event "First Saturday GM - Settembre 2008"]
[Site "Budapest UNG"]
[Date "2008.09.08"]
[Round "3"]
[White "Kosic, Dragan"]
[Black "Farago, Ivan"]
[Result "1/2-1/2"]
[WhiteElo "2516"]
[BlackElo "2482"]
[PlyCount "22"]
[EventDate "2008.09.06"]
[Source "www.chesslib.no"]
[SourceDate "2004.05.04"]

1. d4 Nf6 2. c4 e6 3. Nc3 Bb4 4. Nf3 O-O 5. e3 d5 6. a3 Be7 7. cxd5 exd5 8. Bd3 c6 9. O-O Nbd7 10. b3 Bd6 11. Bb2 Re8 1/2-1/2

[Event "Poikovsky Karpov"]
[Site "Poikovsky"]
[Date "2001.05.06"]
[Round "6"]
[White "Obodchuk, Andrei"]
[Black "Mitkov, Nikola"]
[Result "1-0"]
[WhiteElo "2419"]
[BlackElo "2578"]
[PlyCount "89"]
[EventDate "2001.05.05"]
[Source "ChessBase"]
[SourceDate "2001.09.13"]

1. d4 Nf6 2. c4 e6 3. Nc3 Bb4 4. e3 O-O 5. Bd3 d5 6. Nf3 Nc6 7. O-O a6 8. h3 h6 9. Re1 dxc4 10. Bxc4 Bd6 11. e4 e5 12. Be3 b5 13. Bb3 Bb7 14. dxe5 Nxe5 15. Nd4 Ng6 16. Nd5 Nxe4 17. Nf5 Nf6 18. Nxf6+ Qxf6 19. Nxd6 cxd6 20. Qg4 Rfe8 21. Rad1 d5 22. Rd4 Rad8 23. Rc1 Bc8 24. Qg3 Be6 25. Rc2 Ne7 26. Rf4 Nf5 27. Qf3 g5 28. Rd4 Qg6 29. Rc6 Nxd4 30. Bxd4 a5 31. Bc2 f5 32. g4 Rc8 33. Bxf5 Qf7 34. Bxe6 Qxe6 35. Rxe6 Rxe6 36. Qxd5 Rce8 37. Qxb5 Rd8 38. Bc3 Kf7 39. Qf5+ Ke7 40. Bxa5 Re8 41. Bb4+ Kd8 42. Qd5+ Kc7 43. a4 Kb8 44. Bd6+ Ka7 45. b4 1-0

[Event "Amsterdam"]
[Site "Amsterdam"]
[Date "1982.??.??"]
[Round "1"]
[White "Hort, Vlastimil"]
[Black "Langeweg, Kick"]
[Result "1-0"]
[WhiteElo "2600"]
[BlackElo "2395"]
[PlyCount "65"]
[EventDate "1982.07.??"]
[Source "ChessBase"]

1. d4 Nf6 2. c4 e6 3. Nc3 Bb4 4. e3 O-O 5. Bd3 d5 6. Nf3 Nc6 7. O-O a6 8. Re1 h6 9. h3 dxc4 10. Bxc4 Bd6 11. e4 e5 12. Be3 b5 13. dxe5 Nxe5 14. Bb3 Bb7 15. Nd4 b4 16. Nd5 Nxd5 17. Bxd5 Bxd5 18. exd5 Qf6 19. Qc2 Rfe8 20. Rad1 Rad8 21. Nf5 Qg6 22. Kf1 Nd7 23. Bd4 Rxe1+ 24. Rxe1 Nf6 25. Re6 fxe6 26. Ne7+ Bxe7 27. Qxg6 Rxd5 28. Be3 Kf8 29. f4 Ra5 30. g4 Rxa2 31. g5 hxg5 32. fxg5 Nd5 33. Bd4 1-0